Differences in relative resources, familial power, and spouse abuse /

Bibliographic Details
Main Author: Hauser, William J.
Format: Book
Language:English
Published: Palo Alto, Calif. : R & E Research Associates, ©1982.
Subjects:

MARC

Tag First Indicator Second Indicator Subfields
LEADER 00000cam a2200000 a 4500
001 in00000088014
005 20231130194030.0
008 820901s1982 caua b 000 0 eng
010 |a  81051456  
019 |a 8355167  |a 971358587 
020 |a 0882475991  |q (pbk.) 
020 |a 9780882475998  |q (pbk.) 
029 1 |a AU@  |b 000002315150 
029 1 |a NZ1  |b 3457810 
035 |a (OCoLC)ocm08784909  
035 |a (OCoLC)8784909  |z (OCoLC)8355167  |z (OCoLC)971358587 
035 |a (OCoLC)ocm08784909  
040 |a DLC  |b eng  |c DLC  |d MUQ  |d AU@  |d OCLCO  |d OCLCQ  |d OCLCF  |d OCLCO  |d OCLCQ  |d OCLCO 
043 |a n-us--- 
050 0 0 |a HQ809.3.U5  |b H38 1982 
082 0 |a 306.8/7  |2 19 
100 1 |a Hauser, William J. 
245 1 0 |a Differences in relative resources, familial power, and spouse abuse /  |c by William J. Hauser. 
260 |a Palo Alto, Calif. :  |b R & E Research Associates,  |c ©1982. 
300 |a v, 104 pages :  |b illustrations ;  |c 23 cm 
336 |a text  |b txt  |2 rdacontent 
337 |a unmediated  |b n  |2 rdamedia 
338 |a volume  |b nc  |2 rdacarrier 
504 |a Includes bibliographical references (pages 75-84). 
650 0 |a Family violence  |z United States. 
650 0 |a Power (Social sciences) 
650 0 |a Wife abuse  |z United States. 
650 6 |a Violence familiale  |z États-Unis. 
650 6 |a Pouvoir (Sciences sociales) 
650 6 |a Femmes  |x Violence envers  |z États-Unis. 
650 7 |a Family violence.  |2 fast  |0 (OCoLC)fst00920540 
650 7 |a Power (Social sciences)  |2 fast  |0 (OCoLC)fst01074219 
650 7 |a Wife abuse.  |2 fast  |0 (OCoLC)fst01432118 
651 7 |a United States.  |2 fast  |0 (OCoLC)fst01204155 
776 0 8 |i Online version:  |a Hauser, William J.  |t Differences in relative resources, familial power, and spouse abuse.  |d Palo Alto, Calif. : R & E Research Associates, ©1982  |w (OCoLC)572137651 
948 |h HELD BY TXA - 198 OTHER HOLDINGS 
994 |a Z0  |b TXA 
999 f f |s ceb0480e-36f1-3e98-844a-4e1cc964369d  |i d5760886-d8d9-3420-822b-cf0dfa15ab6d  |t 0 
952 f f |p ric  |a Texas A&M University  |b Rellis Campus  |c Joint Library Facility  |s JLF  |d Remote Storage  |t 0  |e HQ809 .H33  |h Library of Congress classification  |i unmediated -- volume  |m A14806142734